First One - Last One (Movies) Quiz Stats

 Plays Quiz not verified by Sporcle

Score 0/18 Timer 03:00
1 Play Today
% Correct
Toy Story
83.9%
A New Hope
73.3%
Bashful
70.2%
Sneezy
67.4%
Dr. No
65.3%
The Bourne Identity
62.8%
The Last Jedi
62.1%
Ariel
59.5%
Spectre
57.4%
% Correct
Jason Bourne
46.9%
Sidney Poitier
46.3%
Richard Harris
42%
Michael Gambon
41.2%
Incredibles 2
40.3%
Tiana
37.4%
Giant
34.4%
East of Eden
29.3%
Forest Whitaker
14.7%

You're not logged in!

Compare scores with friends on all Sporcle quizzes.
OR
Log In

Show Comments

Extras

Top Quizzes Today


Score Distribution

Your Account Isn't Verified!

In order to create a playlist on Sporcle, you need to verify the email address you used during registration. Go to your Sporcle Settings to finish the process.

Report this User

Report this user for behavior that violates our Community Guidelines.

Details: